Passaportes mais fracos das Américas - Statistics

Estatísticas Gerais
  • Esse quiz foi jogado 15 vezes
  • A pontuação média é 17 de 21
Estatísticas das Respostas
Posição Acessos País / Território % Correto
46º 102 Belize
100%
74º 60 Cuba
100%
33º 135 El Salvador
100%
42º 119 Venezuela
100%
62º 78 Bolívia
93%
35º 132 Colômbia
93%
49º 94 Equador
93%
81º 52 Haiti
93%
36º 131 Honduras
93%
39º 127 Nicarágua
93%
62º 78 Suriname
93%
51º 91 Guiana
86%
54º 88 Jamaica
86%
65º 73 República Dominicana
86%
34º 134 Guatemala
79%
28º 147 Granada
71%
30º 144 Dominica
64%
29º 146 Paraguai
64%
31º 143 Peru
64%
29º 146 Santa Lúcia
43%
28º 147 Trinidad e Tobago
43%
Nenhum quiz correspondente encontrado
Distribuição das Pontuações
Porcentagem de Pessoas com Cada Pontuação
Percentil de Números Respondidos
Sua Pontuação Histórica
Você não jogou esse quiz